00371nam a2200157Ia 4500008004100000020001800041082000800059100001300067245003600080250000600116260002800122300001000150500002400160650001200184700001700196230524s9999 xx 000 0 und d a9789350142707 bDAS aR.P.Das  0aNeural Networks and Fuzzy Logic a1 aNew DelhibKatsonc2012 a241p: aQuantity Number: 1 aComp-Sc a L. Sreedhar